=LDR 00000nam 2200000 4500 =001 INLIS000000000037997 =005 20130612143709 =008 ***********************************Ind** =035 ##$$0010-061300000037997 =041 ##$$a Ind =082 ##$$a 813 =090 ##$$a 813 , Ben m =100 ##$$a Bentley, Lisa Misraje =245 ##$$a Menyelamatkan Levi , Lisa Misraje Bentley =260 ##$$a 2010 $b Jakarta =300 ##$$a 167 hlm. , Ilus , 20 cm =850 ##$$a NBPNMAT